<?xml version="1.0" encoding="UTF-8"?>
<record
    xmlns:xsi="http://www.w3.org/2001/XMLSchema-instance"
    xsi:schemaLocation="http://www.loc.gov/MARC21/slim http://www.loc.gov/standards/marcxml/schema/MARC21slim.xsd"
    xmlns="http://www.loc.gov/MARC21/slim">

  <leader>02889cam a2200721 i 4500</leader>
  <controlfield tag="001">on1280375110</controlfield>
  <controlfield tag="003">OCoLC</controlfield>
  <controlfield tag="005">20260618130931.0</controlfield>
  <controlfield tag="008">220407s2021    nyua   a      000 1 eng  </controlfield>
  <datafield tag="010" ind1=" " ind2=" ">
    <subfield code="a">  2022288066</subfield>
  </datafield>
  <datafield tag="020" ind1=" " ind2=" ">
    <subfield code="a">9780744039498</subfield>
  </datafield>
  <datafield tag="020" ind1=" " ind2=" ">
    <subfield code="a">0744039495</subfield>
  </datafield>
  <datafield tag="020" ind1=" " ind2=" ">
    <subfield code="a">9780241491638</subfield>
    <subfield code="q">board book</subfield>
  </datafield>
  <datafield tag="020" ind1=" " ind2=" ">
    <subfield code="a">0241491630</subfield>
  </datafield>
  <datafield tag="029" ind1="0" ind2=" ">
    <subfield code="a">AU@</subfield>
    <subfield code="b">000070075802</subfield>
  </datafield>
  <datafield tag="029" ind1="1" ind2=" ">
    <subfield code="a">AU@</subfield>
    <subfield code="b">000072025078</subfield>
  </datafield>
  <datafield tag="035" ind1=" " ind2=" ">
    <subfield code="a">(OCoLC)1280375110</subfield>
    <subfield code="z">(OCoLC)1292552189</subfield>
    <subfield code="z">(OCoLC)1305085858</subfield>
    <subfield code="z">(OCoLC)1507451022</subfield>
  </datafield>
  <datafield tag="037" ind1=" " ind2=" ">
    <subfield code="b">Dk Pub, C/O Penguin Random House 405 Murray Hill Pkwy, East Rutherford, NJ, USA, 07073-2136, (646)6744059</subfield>
    <subfield code="n">SAN 201-3975</subfield>
  </datafield>
  <datafield tag="040" ind1=" " ind2=" ">
    <subfield code="a">DLC</subfield>
    <subfield code="b">eng</subfield>
    <subfield code="e">rda</subfield>
    <subfield code="c">DLC</subfield>
    <subfield code="d">NZAUC</subfield>
    <subfield code="d">SINLB</subfield>
    <subfield code="d">HRF</subfield>
    <subfield code="d">SDG</subfield>
    <subfield code="d">OCLCF</subfield>
    <subfield code="d">FBP</subfield>
    <subfield code="d">YEQ</subfield>
    <subfield code="d">JRZ</subfield>
    <subfield code="d">AU@</subfield>
    <subfield code="d">ZQP</subfield>
    <subfield code="d">OCLCO</subfield>
    <subfield code="d">OCLCL</subfield>
    <subfield code="d">IG#</subfield>
    <subfield code="d">ETC</subfield>
    <subfield code="d">DSC</subfield>
    <subfield code="d">OCLCO</subfield>
  </datafield>
  <datafield tag="042" ind1=" " ind2=" ">
    <subfield code="a">pcc</subfield>
  </datafield>
  <datafield tag="050" ind1="0" ind2="0">
    <subfield code="a">PZ7.1.S8817</subfield>
    <subfield code="b">Mo 2021</subfield>
  </datafield>
  <datafield tag="082" ind1="0" ind2="0">
    <subfield code="a">[E]</subfield>
    <subfield code="2">23</subfield>
  </datafield>
  <datafield tag="100" ind1="1" ind2=" ">
    <subfield code="a">S&#xFFFD;ussbauer, Anna,</subfield>
    <subfield code="d">1979-</subfield>
    <subfield code="e">illustrator.</subfield>
    <subfield code="9">57345</subfield>
  </datafield>
  <datafield tag="245" ind1="1" ind2="0">
    <subfield code="a">Moon and stars /</subfield>
    <subfield code="c">illustrated by Anna S&#xFFFD;ussbauer.</subfield>
  </datafield>
  <datafield tag="250" ind1=" " ind2=" ">
    <subfield code="a">First American edition.</subfield>
  </datafield>
  <datafield tag="264" ind1=" " ind2="1">
    <subfield code="a">New York, NY :</subfield>
    <subfield code="b">DK Publishing,</subfield>
    <subfield code="c">2021.</subfield>
  </datafield>
  <datafield tag="300" ind1=" " ind2=" ">
    <subfield code="a">1 volume (unpaged) :</subfield>
    <subfield code="b">color illustrations ;</subfield>
    <subfield code="c">21 cm.</subfield>
  </datafield>
  <datafield tag="336" ind1=" " ind2=" ">
    <subfield code="a">text</subfield>
    <subfield code="b">txt</subfield>
    <subfield code="2">rdacontent</subfield>
  </datafield>
  <datafield tag="336" ind1=" " ind2=" ">
    <subfield code="a">still image</subfield>
    <subfield code="b">sti</subfield>
    <subfield code="2">rdacontent</subfield>
  </datafield>
  <datafield tag="337" ind1=" " ind2=" ">
    <subfield code="a">unmediated</subfield>
    <subfield code="b">n</subfield>
    <subfield code="2">rdamedia</subfield>
  </datafield>
  <datafield tag="338" ind1=" " ind2=" ">
    <subfield code="a">volume</subfield>
    <subfield code="b">nc</subfield>
    <subfield code="2">rdacarrier</subfield>
  </datafield>
  <datafield tag="490" ind1="1" ind2=" ">
    <subfield code="a">DK spin and spot</subfield>
  </datafield>
  <datafield tag="500" ind1=" " ind2=" ">
    <subfield code="a">Cover title.</subfield>
  </datafield>
  <datafield tag="520" ind1=" " ind2=" ">
    <subfield code="a">Turn the pages and spin the wheel to discover what happens when the sun goes down. Die cut circles reveal different images on the picture wheel.</subfield>
  </datafield>
  <datafield tag="650" ind1=" " ind2="0">
    <subfield code="a">Board books.</subfield>
  </datafield>
  <datafield tag="650" ind1=" " ind2="0">
    <subfield code="a">Toy and movable books</subfield>
    <subfield code="v">Specimens.</subfield>
    <subfield code="9">57346</subfield>
  </datafield>
  <datafield tag="650" ind1=" " ind2="0">
    <subfield code="a">Night</subfield>
    <subfield code="v">Juvenile fiction.</subfield>
    <subfield code="9">57347</subfield>
  </datafield>
  <datafield tag="650" ind1=" " ind2="0">
    <subfield code="a">Nocturnal animals</subfield>
    <subfield code="v">Juvenile fiction.</subfield>
    <subfield code="9">57348</subfield>
  </datafield>
  <datafield tag="650" ind1=" " ind2="1">
    <subfield code="a">Night</subfield>
    <subfield code="v">Fiction.</subfield>
    <subfield code="9">57349</subfield>
  </datafield>
  <datafield tag="650" ind1=" " ind2="1">
    <subfield code="a">Board books.</subfield>
  </datafield>
  <datafield tag="650" ind1=" " ind2="1">
    <subfield code="a">Toy and movable books.</subfield>
    <subfield code="9">57350</subfield>
  </datafield>
  <datafield tag="650" ind1=" " ind2="6">
    <subfield code="a">Nuit</subfield>
    <subfield code="v">Romans, nouvelles, etc. pour la jeunesse.</subfield>
    <subfield code="9">57351</subfield>
  </datafield>
  <datafield tag="650" ind1=" " ind2="6">
    <subfield code="a">Animaux nocturnes</subfield>
    <subfield code="v">Romans, nouvelles, etc. pour la jeunesse.</subfield>
    <subfield code="9">57352</subfield>
  </datafield>
  <datafield tag="650" ind1=" " ind2="6">
    <subfield code="a">Livres tout carton.</subfield>
    <subfield code="9">54685</subfield>
  </datafield>
  <datafield tag="650" ind1=" " ind2="7">
    <subfield code="a">board books.</subfield>
    <subfield code="2">aat</subfield>
  </datafield>
  <datafield tag="650" ind1=" " ind2="7">
    <subfield code="a">Board books</subfield>
    <subfield code="2">fast</subfield>
  </datafield>
  <datafield tag="650" ind1=" " ind2="7">
    <subfield code="a">Night</subfield>
    <subfield code="2">fast</subfield>
    <subfield code="9">57353</subfield>
  </datafield>
  <datafield tag="650" ind1=" " ind2="7">
    <subfield code="a">Nocturnal animals</subfield>
    <subfield code="2">fast</subfield>
    <subfield code="9">57354</subfield>
  </datafield>
  <datafield tag="655" ind1=" " ind2="0">
    <subfield code="a">Board books.</subfield>
    <subfield code="9">54694</subfield>
  </datafield>
  <datafield tag="655" ind1=" " ind2="7">
    <subfield code="a">board books.</subfield>
    <subfield code="2">aat</subfield>
    <subfield code="9">54694</subfield>
  </datafield>
  <datafield tag="655" ind1=" " ind2="7">
    <subfield code="a">Board books</subfield>
    <subfield code="2">fast</subfield>
    <subfield code="9">54694</subfield>
  </datafield>
  <datafield tag="655" ind1=" " ind2="7">
    <subfield code="a">Fiction</subfield>
    <subfield code="2">fast</subfield>
    <subfield code="9">431</subfield>
  </datafield>
  <datafield tag="655" ind1=" " ind2="7">
    <subfield code="a">Juvenile works</subfield>
    <subfield code="2">fast</subfield>
    <subfield code="9">739</subfield>
  </datafield>
  <datafield tag="655" ind1=" " ind2="7">
    <subfield code="a">Toy and movable books</subfield>
    <subfield code="2">fast</subfield>
    <subfield code="9">57355</subfield>
  </datafield>
  <datafield tag="655" ind1=" " ind2="7">
    <subfield code="a">Board books.</subfield>
    <subfield code="2">lcgft</subfield>
    <subfield code="9">54694</subfield>
  </datafield>
  <datafield tag="655" ind1=" " ind2="7">
    <subfield code="a">Toy and movable books.</subfield>
    <subfield code="2">lcgft</subfield>
    <subfield code="9">57355</subfield>
  </datafield>
  <datafield tag="655" ind1=" " ind2="7">
    <subfield code="a">Board books.</subfield>
    <subfield code="2">lcsh</subfield>
    <subfield code="9">54694</subfield>
  </datafield>
  <datafield tag="655" ind1=" " ind2="7">
    <subfield code="a">Livres tout carton.</subfield>
    <subfield code="2">rvmgf</subfield>
    <subfield code="9">57356</subfield>
  </datafield>
  <datafield tag="758" ind1=" " ind2=" ">
    <subfield code="i">has work:</subfield>
    <subfield code="a">Moon and stars (Text)</subfield>
    <subfield code="1">https://id.oclc.org/worldcat/entity/E39PCGc4MGGRtJDKXB4vfRjbq3</subfield>
    <subfield code="4">https://id.oclc.org/worldcat/ontology/hasWork</subfield>
  </datafield>
  <datafield tag="830" ind1=" " ind2="0">
    <subfield code="a">DK spin and spot.</subfield>
    <subfield code="9">57357</subfield>
  </datafield>
  <datafield tag="942" ind1=" " ind2=" ">
    <subfield code="2">lcc</subfield>
    <subfield code="c">BK</subfield>
  </datafield>
  <datafield tag="948" ind1=" " ind2=" ">
    <subfield code="h">NO HOLDINGS IN GHUCC - 48 OTHER HOLDINGS</subfield>
  </datafield>
  <datafield tag="999" ind1=" " ind2=" ">
    <subfield code="c">54513</subfield>
    <subfield code="d">54513</subfield>
  </datafield>
</record>
